000
00277nam a22001217a 4500
008
230623b xxu||||| |||| 00| 0 eng d
082
_a
328.79
_b
JRP
110
_c
June 1999
245
_a
Rules of the National Assembly
260
_c
June 1999
300
_a
99p
942
_2
ddc
_c
BK
999
_c
2384
_d
2384